Marx y su concepto del hombre

Erich Fromm explora arduamente la concepción de “ser humano” en el pensamiento marxista, penetrando en su marco antropológico, el eje central es la idea del espíritu de libertad del ser humano como constitución de su propia naturaleza, articulando así una preocupación de origen existencial en el pen...

Descripció completa

Guardat en:
Dades bibliogràfiques
Autor principal: Fromm, Erich
Format: Llibre
Idioma:Undetermined
Publicat: México, Distrito Federal Fondo de Cultura Económica 1962
Matèries:
Etiquetes: Afegir etiqueta
Sense etiquetes, Sigues el primer a etiquetar aquest registre!

MARC

LEADER 00000nam a2200000Ia 4500
008 170316s9999 xx 000 0 und d
040 |a cru BVZT 
090 |a 100 F-35m 
100 |a Fromm, Erich 
245 |a Marx y su concepto del hombre 
260 |a México, Distrito Federal 
260 |b Fondo de Cultura Económica 
260 |c 1962 
300 |a 272 páginas 
520 |a Erich Fromm explora arduamente la concepción de “ser humano” en el pensamiento marxista, penetrando en su marco antropológico, el eje central es la idea del espíritu de libertad del ser humano como constitución de su propia naturaleza, articulando así una preocupación de origen existencial en el pensamiento marxista. Seguidamente, se compendian en un primer apéndice los manuscritos económico-filosóficos de Marx y en un segundo apéndice, otros escritos de Marx. Finalmente, en un tercer apéndice figuran algunos escritos sobre Karl Marx.  
650 |a FILOSOFÍA SOCIAL 
999 |c 16209  |d 16209 
942 |c 4 D  |h 100 F-35m  |2 z